載入...
Approaches for Incorporating Drought and Salinity Resistance in Crop Plants
| 主要作者: | |
|---|---|
| 其他作者: | |
| 格式: | Printed Book |
| 語言: | Undetermined English |
| 出版: |
New Delhi
Oxford & IBH Publishing Co.Pvt.Ltd.
1986
|
| 主題: |
| LEADER | 00697nam a2200193Ia 4500 | ||
|---|---|---|---|
| 008 | 140306s9999 xx 000 0 und d | ||
| 041 | |a eng | ||
| 082 | |a 631.4 16 |b CHO | ||
| 100 | |a Chopra, V.L. | ||
| 245 | |a Approaches for Incorporating Drought and Salinity Resistance in Crop Plants | ||
| 260 | |a New Delhi |b Oxford & IBH Publishing Co.Pvt.Ltd. |c 1986 | ||
| 300 | |a 132 | ||
| 650 | |a Drought resistance in Crop Plants | ||
| 650 | |a Salinity Resistance | ||
| 650 | |a Salt affected Soils | ||
| 700 | |a Paroda, R.S. | ||
| 942 | |2 ddc |c BK | ||
| 999 | |c 74409 |d 74409 | ||
| 952 | |0 0 |1 0 |2 ddc |4 0 |6 631_400000000000000_16_CHO |7 0 |9 80872 |a KAUACV |b KAUACV |d 2008-11-06 |o 631.4 16 CHO |p KAU_ACV-24269 |r 2014-03-22 |w 2014-03-22 |y BK | ||